Quelle enseigne de bricolage ou de jardinerie a ce slogan ? - Statistiques

Statistiques générales
  • Ce quiz a été pris 49 fois
  • Le résultat moyen est 7 sur 16
Statistiques - réponses
Slogan Indice Enseigne % Correct
On peut tout construire ensemble, même l’avenir LM Leroy Merlin
87%
Voyez plus grand avec nos prix dépôt BD Brico Dépôt
82%
Chez ***, y'a tout ce qu'il faut, outil et matériaux. C Castorama
74%
***, Il y a tout pour moi C Castorama
74%
Création & récréation J Jardiland
67%
Pouvoir tout faire moins cher BM Brico Marché
64%
Le goût du jardin GV Gamm Vert
51%
On peut compter sur lui MB Mr Bricolage
46%
Entre nous, une même passion ! B Bricorama
44%
Mieux habiter ensemble W Weldom
41%
Au coeur de l'ouvrage G Gedimat
33%
Plus pro, moins cher B Bricoman
28%
Plus belle sera la terre T Truffaut
26%
Passionnés de nature B Botanic
15%
Mon jardin d'idées V Villaverde
13%
Le spécialiste des jardins réussis W Willemse
3%
Aucun quiz correspondant
Distribution des résultats
% des personnes avec chaque résultat
Percentile par nombre de réponses
Votre historique - résultats
Vous n’avez pas pris ce quiz